Spanish speaking countries - Statistics

General Stats
  • This quiz has been taken 85 times
  • The average score is 16 of 21
Answer Stats
Hint Answer % Correct
Mexico CIty Mexico
98%
Buenos Aires Argentina
93%
Santiago Chile
93%
Panama City Panama
91%
Bogota Columbia
89%
Madrid Spain
89%
Havana Cuba
86%
San Salvador El Salvador
82%
Lima Peru
82%
La Paz and Sucre Bolivia
80%
Guatemala City Guatemala
80%
Tegucigalpa Honduras
80%
Asuncion Paraguay
80%
Montevideo Uruguay
80%
Santo Domingo Dominican Republic
77%
San Jose Costa Rica
75%
Quito Ecuador
70%
Managua Nicaragua
70%
San Juan Puerto Rico
57%
Manila Philippines
45%
Malabo Equatorial Guinea
39%
No matching quizzes found
Score Distribution
Percent of People with Each Score
Percentile by Number Answered
Your Score History
You have not taken this quiz